000 00260nam a22000977a 4500
999 _c12286
_d12286
020 _a9788130930879
082 _a658.407
100 _a Anne Bruce Stephanie M. Montanez
245 _aLeaders Start to Finish: A Roadmap for Developing Top Performers
942 _cBK